• 首页
  • 本馆介绍
  • 公告通知
  • 最新文献
  • 馆藏检索
  • 电子资源
  • 读者导购
  • 参考咨询
  • 我的图书馆
  • 登录
  • 详细信息显示
  • 放入我的书架
  • 预约/预借图书
  • 作者相关作品
  • 分类相关作品
  • 丛书相关作品
  • 出版社相关作品

书目信息

  • 表格格式
  • 工作单格式
  • 卡片格式
题名:
化学反应的酸碱理论
    
 
作者: 潘家理 , 张承宏 编
分册:  
出版信息: 上海   上海科学技术出版社  1983
页数: 128页
开本: 19cm
丛书名:
单 册:
中图分类: O611.3
科图分类:
主题词: 酸碱平衡-化学反应 , 化学反应-酸碱平衡 , 无机化学
电子资源:
ISBN:
000 00763nam0 2200265 45
001 0183012262
005 20060522150752.37
010    @dCNY0.42
091    @a13119.1105
100    @a19950421d1983 em y0chiy0121 ea
101 0  @achi
102    @aCN@b310000
105    @ay z 000yy
200 10 @a化学反应的酸碱理论@Ahua xue fan ying de suan jian li lun@f张承宏,潘家理编@Fzhang cheng hong,pan jia li bian
210    @a上海@c上海科学技术出版社@d1983
215    @a128页@d19cm
606    @a酸碱平衡-化学反应
606    @a化学反应-酸碱平衡
606 0  @a无机化学
690    @aO611.3@v4
701  0 @a潘家理@Apan jia li@4编
701  0 @a张承宏@Azhang cheng hong@4编
801  0 @aCN@b上海图书馆@c20060522
801  2 @aCN@bNLC@c20060428
905    @dO611.3@e4
    
    化学反应的酸碱理论/张承宏,潘家理编.-上海:上海科学技术出版社,1983
    128页;19cm
    
    
    ISBN :CNY0.42
    
●
相关链接 在E读中查询图书 在五车中查询图书 在当当中查询图书 在豆瓣中查询图书


正题名:化学反应的酸碱理论     索取号:O611.3/4         预约/预借

序号 登录号 条形码 馆藏地/架位号 状态 备注
1 0105564   202366938   密集书库/ [索取号:O611.3/4] 在馆    
2 0105565   202299333   密集书库/ [索取号:O611.3/4] 在馆    
3 0105566   001956137   第三借阅区/ [索取号:O611.3/4] 在馆    
4 0105567   202299324   密集书库/ [索取号:O611.3/4] 在馆    
5 0105568   202299299   密集书库/ [索取号:O611.3/4] 在馆    
唐山师范学院图书馆 欢迎您!
大连网信软件有限公司© 版权所有